| 000 | 00692nam a2200193 a 4500 | ||
|---|---|---|---|
| 003 | OSt | ||
| 005 | 20240227092904.0 | ||
| 008 | 180221t2011 pk | |||| 000 j urd d | ||
| 040 | _c0 | ||
| 082 |
_a891.4393 _bINT 2011 |
||
| 100 | 1 |
_aانتظارحسين _947098 |
|
| 245 | 1 | 0 |
_aْ؍قصّہ کہانياں: _bانتظارحسين کے سب افسانے _cIntizar Husain |
| 246 |
_aQissa Kahanian: _bIntizar Hussain Ke saab Afsanay |
||
| 260 |
_aLahore: _bSang e Meel Pub; _c2011. |
||
| 300 | _a410 p. | ||
| 650 |
_aUrdu literature _vShort Stories. _91444 |
||
| 942 |
_2ddc _cBK _aSADA _k891.4393 INT 2011 |
||
| 999 |
_c608273 _d608273 |
||